| 000 | 00708nam a2200241 a 4500 | ||
|---|---|---|---|
| 001 | BRL_527 | ||
| 005 | 20190320210802.0 | ||
| 008 | 020913s1994----mx-ab#####---#000-0#spa-# | ||
| 020 | _a9686640401 | ||
| 041 | _aspa | ||
| 044 | _amx | ||
| 050 | 4 |
_aPC4073 _b.T53 1994 |
|
| 100 | 1 |
_aTibón, Gutierre _922612 |
|
| 245 | 1 | 0 |
_aNuevo diálogo de la lengua _bcomo ablarás i escribirás en el siglo XXI : nueva pronuncia _cGutierre Tibón. |
| 260 |
_aMéxico, D.F. _bGrupo Editorial Planeta _c1994 |
||
| 300 |
_a294 p. _bil. _c23 cm. |
||
| 440 | 0 |
_aAriel-Lingüística _924207 |
|
| 500 | _aAu567 | ||
| 504 | _aBibliografía: p.289-294 | ||
| 650 | 1 | 4 |
_aEspañol _xHistoria _924208 |
| 902 | _aGRL | ||
| 942 |
_2lcc _cB |
||
| 999 |
_c9339 _d9339 |
||